Your muscles

Bibliographic Details
Main Author: Tan,Eunice
Format: Book
Published: Selangor : Penerbit Prisma , 2004
Series:Starting with science
Subjects:

MARC

LEADER 00000cam a2200000 7i4500
001 0000007537
005 20151222.0
008 070903
020 |a 9838771686 
090 0 0 |a JF   |b SC ENG (8559) 
100 1 |a Tan,Eunice 
245 1 0 |a Your muscles   |c Eunice Tan 
260 |a Selangor :   |b Penerbit Prisma ,   |c 2004 
440 |a Starting with science   |x The human body 
500 |a Children ages 7-9 years old (orange) 
650 0 |a Muscles   |x Science 
999 |a 0000859486   |b Book   |c Children Collection   |e Cawangan Tmn. Ungku Tun Aminah 
999 |a 0000859488   |b Book   |c Children Collection   |e Cawangan Mersing 
999 |a 0000877416   |b Book   |c Children Collection   |e Cawangan Pontian 
999 |a 0000877420   |b Book   |c Children Collection   |e Cawangan Bandar Penawar 
999 |a 0000951314   |b Book   |c Children Collection   |e Cawangan Bukit Gambir 
999 |a 0000990294   |b Book   |c Children Collection   |e Perbadanan Perpustakaan Awam Johor 
999 |a 0000990295   |b Book   |c Children Collection   |e Perbadanan Perpustakaan Awam Johor